[Event "RUS-ch Rapid 2021"]
[Site "Sochi"]
[Date "2021.10.13"]
[Round "10.15"]
[White "Bryakin, Mikhail"]
[Black "Sakaev, Konstantin"]
[Result "1-0"]
[WhiteElo "2498"]
[BlackElo "2603"]
[Annotator "TA"]
[PlyCount "65"]
[EventDate "2021.10.12"]
[EventType "swiss"]
[EventCountry "RUS"]
[SourceTitle "playchess.com"]
[Source "ChessBase"]
[SourceQuality "1"]

{[%evp 19,65,18,26,22,27,18,26,18,15,0,1,0,0,0,15,-37,-18,-50,-62,-49,-42,-42,-68,-85,-97,-89,-87,-133,-98,-82,0,0,-3,-2,0,0,49,45,39,36,52,64,983,976,1404,1373,1239,1313]} 1. d4 Nf6 2. c4 e6 3. g3 c5 4. d5 exd5 5. cxd5 d6 6. Nc3 g6 7. Bg2 Bg7 8. Nf3 O-O 9. O-O Nbd7 10. Bf4 Qe7 11. Re1 {A62: Modern Benoni: Fianchetto Variation without early ...Nbd7.} Ng4 12. Bg5 f6 13. Bf4 {[#] White has an edge.} Nge5 $146 ({Predecessor:} 13... a6 14. a4 b6 15. e4 Nde5 16. Nd2 Nd3 17. Re2 Nxf4 18. gxf4 Bd7 19. h3 Nh6 {½-½ (57) Sanjuan Segura,I (1806)-Sosa Suarez,C (2110) Salobrena 2020}) 14. Qc2 a6 15. a4 g5 16. Bd2 h6 17. b3 ({Better is} 17. h4 $11) 17... f5 $15 18. Nxe5 Nxe5 19. f4 gxf4 20. gxf4 Ng4 21. Qd3 Bd7 22. h3 Nf6 23. Qg3 Nh5 24. Qg6 Nf6 (24... Be8 $17 25. Qe6+ Qxe6 26. dxe6 Bc6) 25. e4 fxe4 26. Nxe4 Be8 27. Qg3 {[#] And now Nxc5! would win.} Nxe4 (27... Nh5 $5 {[%cal Rh5g3]} 28. Qg4 Qd7 $11) 28. Rxe4 Qf6 29. Rae1 {Strongly threatening R1e3.} Bf7 30. R1e3 {Black must now prevent Bc3!} Rae8 $2 {[%mdl 8192] [#]} (30... Qg6 $14) 31. Bc3 $18 {White is clearly winning.} Qg6 32. f5 Qg5 33. h4 {Weighted Error Value: White=0.12/Black=0.12} 1-0

[Event "RUS-ch Rapid 2021"]
[Site "Sochi"]
[Date "2021.10.13"]
[Round "10.16"]
[White "Ivanov, Alexander Al."]
[Black "Afanasiev, Nikita"]
[Result "0-1"]
[WhiteElo "2400"]
[BlackElo "2560"]
[Annotator "TA"]
[PlyCount "132"]
[EventDate "2021.10.12"]
[EventType "swiss"]
[EventCountry "RUS"]
[SourceTitle "playchess.com"]
[Source "ChessBase"]
[SourceQuality "1"]

{[%evp 15,132,-19,-18,-16,-23,-45,-42,-68,-22,-39,-31,-44,-37,-75,-50,-70,-61,-87,-94,-115,-85,-118,-68,-71,-61,-66,-47,-54,-36,-31,-42,-100,-17,-46,-66,-152,-158,-152,-152,-404,-404,-402,-404,-404,-404,-404,-404,-470,-367,-430,-367,-367,-341,-381,-397,-396,-377,-489,-322,-314,0,-458,-375,-383,-331,-347,-331,-333,-338,-669,-653,-787,-762,-750,0,-703,-717,-682,-670,-707,-689,-685,-666,-1952,-1895,-12830,-10077,-29990,-29990,-29991,-29991,-29991,-29992,-29992,-29993,-29993,-2248,-2478,-2387,-12841,-12842,-12842,-1260,-12836,-1096,-12840,-12838,-12841,-12840,-12842,-12843,-12843,-12843,-29993,-12844,-12846,-12847,-12847,-12847]} 1. e4 g6 2. Nf3 Bg7 3. g3 c5 4. Bg2 Nc6 5. O-O e5 6. Nc3 Nge7 7. Nd5 d6 8. Nxe7 Qxe7 9. d3 {B50: Sicilian: 2...d6, Miscellaneous.} O-O {[#]} 10. h3 $146 ({Predecessor:} 10. c3 f5 11. exf5 gxf5 12. Ng5 Qe8 13. Bd5+ Kh8 14. f4 h6 15. Nf3 Ne7 16. Qb3 Bd7 {0-1 (28) Tillmann,M (2136)-Idani,P (2568) Tegernsee 2019}) 10... f5 11. c3 {Black is slightly better.} Kh8 12. Bg5 Qf7 {...f4 is the strong threat.} 13. Bd2 h6 14. Qc1 Kh7 15. Qe1 Be6 16. b3 d5 17. Rc1 Rad8 18. Kh2 Qd7 {Hoping for ...dxe4.} 19. Rd1 Qc8 20. Qe2 Rfe8 21. Bc1 a5 22. Ba3 b6 23. Rfe1 ({Better is} 23. exf5 $15 Bxf5 24. g4) 23... Qa6 (23... fxe4 $17 24. dxe4 d4) 24. exd5 Bxd5 25. c4 (25. Bb2 $15) 25... Bxf3 $17 26. Qxf3 Nd4 27. Qb7 (27. Qe3 $17) 27... Qxb7 $19 28. Bxb7 Nc2 $1 {[%csl LRa3,LRe1]} 29. Bc1 Nxe1 30. Rxe1 Rxd3 31. Bd5 Rd8 32. Kg2 e4 33. Bf4 Rd7 34. h4 h5 35. Re2 Bf6 36. Be6 Rd8 37. Bd5 {and the idea Bc7 leaves White hopeful.} Rd7 (37... Re8 $142 38. Bc7 Bd8) 38. Be6 $1 Re7 39. Bd5 Kg7 40. Bd6 Rd7 41. Bf4 Rf3 42. Be6 $2 (42. Rd2) 42... Rd1 43. Bd5 Rc3 44. Bd2 Rf3 45. Bf4 $1 {[#]} Bxh4 $1 46. Bc7 Be7 47. Bxb6 Rc3 48. Bxa5 Rcc1 49. f3 Rg1+ 50. Kh2 Bd6 51. fxe4 Bxg3+ 52. Kh3 f4 53. e5 g5 {[%csl Gh5][%cal Rg5g4]} 54. Bf3 g4+ 55. Bxg4 hxg4+ (55... Rh1+ $142 56. Kg2 hxg4 57. Re1 Rhxe1 58. Bxe1 Rxe1 59. a3 Re2+ 60. Kg1 f3 61. Kh1 Re1#) 56. Kxg4 Be1+ {[%mdl 64] [#] Discovered Attack} 57. Kxf4 Bxa5 58. Kf5 Bd8 59. Ke6 Rg6+ 60. Kf5 Be7 61. Rd2 Kf7 62. a4 Rg5+ 63. Ke4 Ke6 {( -> ...Rc3)} 64. a5 Rxe5+ (64... Rc3 $142 65. Rd3 Rxe5+ 66. Kf3 Rxd3+ 67. Kf2 Bh4+ 68. Kg2 Re2+ 69. Kf1 Rc2 70. Kg1 Rd1#) 65. Kd3 Bg5 {[%csl Gg5][%cal Re5e3]} 66. Re2 Rxe2 {Weighted Error Value: White=0.69/Black=0.45} 0-1

[Event "RUS-ch Rapid 2021"]
[Site "Sochi"]
[Date "2021.10.13"]
[Round "10.18"]
[White "Ivlev, Aleksey"]
[Black "Klukin, Kirill"]
[Result "1/2-1/2"]
[WhiteElo "2315"]
[BlackElo "2346"]
[Annotator "TA"]
[PlyCount "135"]
[EventDate "2021.10.12"]
[EventType "swiss"]
[EventCountry "RUS"]
[SourceTitle "playchess.com"]
[Source "ChessBase"]
[SourceQuality "1"]

{[%evp 9,135,23,29,28,30,30,28,27,32,33,36,40,43,37,45,33,20,33,29,0,81,71,65,87,97,48,80,72,71,45,42,44,27,40,120,131,117,131,332,326,331,270,267,272,270,227,227,225,225,225,433,429,456,456,456,456,456,450,500,474,527,522,501,499,550,470,545,535,579,449,554,326,326,326,298,223,29952,29950,29953,29952,29948,29953,29957,29952,29953,29954,29951,29950,29942,29954,29949,29947,29964,12566,10643,6934,5214,0,5628,4346,1974,1302,12757,8,596,20,20,0,0,0,0,0,0,0,0,0,0,0,0,0,0,0,0,0,0,0,0,0]} 1. d4 d5 2. c4 e6 3. Nf3 a6 4. cxd5 exd5 5. Nc3 Nf6 6. Bg5 {D37: Queen's Gambit Declined: 5 Bf4.} Be6 7. e3 Nbd7 8. Bd3 {White has an edge.} h6 9. Bf4 g5 10. Bg3 Nh5 11. Be5 Ng7 12. h3 Nxe5 13. Nxe5 Bd6 14. O-O h5 (14... c6 $11 {remains equal.}) 15. f4 $16 gxf4 16. exf4 Qh4 17. Qe1 {[#]} (17. Ne2 {seems wilder.} Bc8 18. f5 c6 19. Qc2 Qf6 20. Nxc6 O-O 21. Ne5) 17... Qxe1 $146 ({Predecessor:} 17... Qf6 18. f5 Nxf5 19. Bxf5 Bxf5 20. Ng4+ Qe6 21. Nf6+ Kd8 22. Ncxd5 Rh6 23. Rxf5 c6 24. Qa5+ Kc8 25. Nb6+ Kb8 26. Nbd7+ Kc8 27. Re1 Bc7 {1-0 (27) Kaunas,K (2156)-Pluta,P (1846) Vilnius 2019}) 18. Raxe1 ({Much weaker is} 18. Rfxe1 $6 O-O $11) 18... Bxe5 19. Rxe5 f6 $1 {[%cal Rf6e5]} 20. Re3 {And now f5 would win.} Kd7 21. Rfe1 Rae8 (21... Kd6 $14) 22. Bg6 $36 {[%mdl 2048] f5 is the strong threat. White is on the roll.} Reg8 {[#]} 23. Bf7 $1 {[%mdl 512]} Re8 (23... Bxf7 $16 {was worth a try.} 24. Re7+ {[%mdl 64] Double Attack} Kc6 25. Rxf7 Ne8) 24. Bxe8+ $18 ({Worse is} 24. Nxd5 Bxf7 25. Nxf6+ Kc8 $11) 24... Rxe8 25. g4 hxg4 26. hxg4 Bxg4 27. Rxe8 Nxe8 28. Nxd5 {[%mdl 4096] Endgame Black must now prevent Rxe8! KRN-KBN} Be6 29. Nc3 c6 $2 (29... Bf7 {might work better.} 30. Kf1 Nd6) 30. Na4 {Hoping for Nc5+.} Nc7 31. Nc5+ {[%mdl 64] [#] Double Attack} Kd6 32. Nxb7+ Kd5 33. Nc5 Bf5 34. Re7 Nb5 35. Nxa6 Nxd4 36. Kf2 Bb1 37. b3 {aiming for Rd7+.} c5 38. Rc7 Ne6 39. Rc8 f5 40. Nc7+ Nxc7 41. Rxc7 {Strongly threatening a4.} Bxa2 {KR-KB} 42. Rb7 Kd4 $2 (42... Kc6 $18 43. Rb8 Kc7) 43. Rb5 Bb1 44. Rb8 Be4 45. Kg3 Kc3 46. Rb5 Kd4 47. Kh4 Bd3 48. Rb6 Be4 49. Kg5 Bc2 50. Rb8 Kc3 51. Rb5 (51. Rc8 $142 Kb4 52. Rc7 Be4 53. Kf6 Kb5 54. Ke5 Kb6 55. Kd6 Kb5 56. Rxc5+ Kb4 57. Re5) 51... Kd4 52. Rb6 Kc3 53. Rb5 Kd4 54. Kf6 Bd3 55. Rb6 Ke4 56. Rc6 $2 (56. b4 $18 cxb4 57. Rxb4+ Kf3 58. Ke5) 56... Kd4 {[%mdl 8192]} (56... Kxf4 $11 {and Black is okay.} 57. Re6 (57. Rxc5 Ke3 $11) 57... Be4) 57. Rd6+ $2 (57. Rc7 $18) 57... Ke4 $11 {The position is equal.} 58. Rxd3 Kxd3 {KPP-KPP} 59. Ke5 Kc3 60. Kd5 Kb4 61. Kd6 Kb5 $1 62. Ke6 (62. Kd5 {is more complex.} Kb4) 62... Kb4 63. Kd5 Kb5 $1 64. Ke6 Kb4 65. Kd6 Kb5 $1 66. Ke5 Kb4 67. Kd5 Kb5 $1 68. Kd6 {White really could win this.  Weighted Error Value: White=0.46/Black=0.48} 1/2-1/2

[Event "RUS-ch Rapid 2021"]
[Site "Sochi"]
[Date "2021.10.13"]
[Round "10.20"]
[White "Kezin, Roman"]
[Black "Nuristani, Iman"]
[Result "1-0"]
[WhiteElo "2492"]
[BlackElo "2171"]
[Annotator "TA"]
[PlyCount "93"]
[EventDate "2021.10.12"]
[EventType "swiss"]
[EventCountry "RUS"]
[SourceTitle "playchess.com"]
[Source "ChessBase"]
[SourceQuality "1"]

{[%evp 22,93,60,57,60,38,75,69,65,60,61,66,63,78,100,103,106,37,121,107,126,114,147,134,128,115,165,158,147,141,149,133,211,177,213,132,129,60,131,119,150,137,151,141,144,145,145,134,174,175,185,171,178,168,155,79,76,59,44,66,54,0,14,0,5,0,160,162,270,283,647,628,29989,29990]} 1. d4 Nf6 2. c4 c5 3. d5 b5 4. Nf3 g6 5. cxb5 a6 6. bxa6 Bxa6 7. Nc3 Bg7 8. g3 O-O 9. Bg2 d6 10. O-O Nbd7 11. Rb1 Qa5 12. Bd2 Bb7 {A58: Benko/Volga Gambit: Lines with 5 bxa6.} 13. Qc2 Ng4 {[#]} 14. h3 $146 ({Predecessor:} 14. a3 Nge5 15. Rfd1 Nxf3+ 16. Bxf3 Qa7 17. Bg5 Rfe8 18. Bf4 Ne5 19. Bg2 Rec8 20. h3 Ba6 {0-1 (45) Davaademberel,P (1800)-Maksimovic,B (2215) Novi Sad 2016}) 14... Nge5 {White is slightly better.} 15. Nxe5 Nxe5 16. b3 Qa3 17. Bc1 $36 {[%mdl 2048] White is on the roll.} Qa6 18. a4 Bc8 19. Rd1 (19. Nb5 $16) 19... Rb8 (19... c4 $1 $14) 20. Kh2 Nd7 21. e4 f5 22. exf5 Rxf5 23. f4 Nb6 24. g4 Rf8 25. Ne4 Bd7 {[%cal Rb6a4]} 26. Be3 c4 (26... Na8 $16 27. Qf2 Nc7) 27. Qe2 $18 Qa5 {With the idea ...cxb3.} 28. bxc4 {Threatens to win with c5.} Nxa4 29. Qc2 (29. Rdc1 $16) 29... Qc7 (29... Nb2 $1 $14) 30. Rdc1 Nc5 31. Nxc5 dxc5 32. Kh1 Qd6 33. Rxb8 Rxb8 34. Rb1 Rf8 35. Qf2 Rc8 36. Rb7 Be8 37. Qa2 Bd4 38. Bc1 (38. Qe2 $142) 38... Rb8 $16 39. Qa7 Rxb7 40. Qxb7 Bd7 41. Bf3 ({White should try} 41. Qa8+ $14 Kf7 42. Qa2) 41... g5 {Strongly threatening ...Qh6!} 42. Qb1 (42. Kg2 {looks sharper.} gxf4 43. h4 h6 44. Qb1 Kg7 45. Qe4) 42... gxf4 43. Qe4 Qe5 (43... Be5 $11) 44. Bxf4 Qg7 (44... Qf6 $142 45. Be3 Bxe3 46. Qxe3 h5) 45. d6 $18 exd6 {[#]} (45... Qg6 46. dxe7 Kf7) 46. Qa8+ $1 Qf8 47. Bd5+ {Weighted Error Value: White=0.13/Black=0.51} 1-0

[Event "RUS-ch Rapid 2021"]
[Site "Sochi"]
[Date "2021.10.13"]
[Round "11.3"]
[White "Murzin, Volodar"]
[Black "Sjugirov, Sanan"]
[Result "0-1"]
[WhiteElo "2513"]
[BlackElo "2663"]
[Annotator "TA"]
[PlyCount "122"]
[EventDate "2021.10.12"]
[EventType "swiss"]
[EventCountry "RUS"]
[SourceTitle "playchess.com"]
[Source "ChessBase"]
[SourceQuality "1"]

{[%evp 10,122,25,27,40,33,29,22,20,5,0,5,0,0,0,-12,0,0,0,0,27,0,59,0,29,0,0,0,0,-130,-125,-122,-139,-292,-253,-258,-272,-277,-126,-134,-135,-140,0,0,67,0,0,0,0,0,0,0,14,-20,0,-29,11,-21,8,8,10,13,15,0,0,0,0,0,0,0,0,0,0,0,8,0,0,0,0,0,5,0,11,0,41,45,65,67,193,0,18,0,12,0,0,0,15,0,0,0,1,0,0,0,150,0,0,0,0,0,0,0,47,-853,21]} 1. e4 c5 2. Nf3 Nc6 3. Bb5 e6 4. O-O Nge7 5. d4 cxd4 6. Nxd4 Ng6 $1 {[%mdl 4] outshines the older 6...Qb6. B30: Sicilian: 2...Nc6 3 Bb5, lines without ...g6.} 7. Be3 Be7 {[#]} 8. Re1 $146 ({Predecessor:} 8. c3 O-O 9. Nd2 Bg5 10. Bxg5 Qxg5 11. N2f3 Qc5 12. Qa4 a6 13. b4 Qh5 14. Rfe1 Nxd4 15. Nxd4 {½-½ (48) Kobalia,M (2594)-Sjugirov,S (2661) Moscow 2021}) 8... O-O {The position is equal.} 9. Nd2 Nxd4 10. Bxd4 b6 11. c3 Bb7 12. Bf1 Qc7 (12... e5 $5 13. Be3 $8 d5 14. exd5 Bxd5 $15) 13. a4 f5 14. e5 Bc6 15. b4 Rad8 ({Better is} 15... Bd5 $11) 16. g3 (16. Nc4 $14) 16... Bb7 17. Bg2 Bxg2 18. Kxg2 f4 19. f3 (19. a5 $11) 19... d6 $17 {[%cal Rd6e5]} 20. exd6 Bxd6 {[%cal Rf4g3]} 21. Ne4 (21. Rxe6 $17 {keeps fighting.} fxg3 22. Rxg6 hxg6 23. hxg3) 21... fxg3 $19 22. hxg3 {[#]} Bxg3 {[%mdl 576] Remove Defender} 23. Nxg3 Nh4+ (23... e5 $1 $19 {is more deadly.} 24. Re4 (24. Qb3+ $2 Kh8 $19) 24... exd4) 24. Kh3 $17 Nxf3 (24... Rxf3 25. Be5 $14) 25. Rf1 Qc6 (25... Qf4 26. Rxf3 $1 (26. Kg2 Nh4+ 27. Kh3 Nf3 $14) 26... Qxf3 27. Qxf3 $14) (25... Ng5+ $17 26. Kh2 (26. Kh4 $2 Rxf1 27. Nxf1 Rf8 $19) 26... Rxf1 27. Qxf1 h5) 26. Qe2 $11 Qd5 {[#]} (26... Rd6 $11 27. Rxf3 Rxf3) 27. Rxf3 Rxf3 28. Re1 Re8 29. Qe4 Qxe4 (29... Qh5+ $2 30. Kg2 $18) 30. Rxe4 Rd3 31. Kg2 Rd2+ 32. Kh3 Rd3 33. Kg2 g6 34. Re5 Rd2+ 35. Kh3 Rd3 36. a5 Rf8 37. axb6 axb6 38. Kg2 Rd2+ 39. Ne2 Rf5 {...Rxe5 is the strong threat.} 40. Rxe6 b5 41. Kg3 Rd3+ 42. Kg2 Kf7 43. Re4 h5 44. Nf4 Rd2+ 45. Kg3 Rd1 46. Ne6 Rd3+ (46... g5 {is more complex.} 47. Nd8+ Kf8 48. Re3 Rdf1 49. Ne6+ Kf7) 47. Kh4 Rd1 48. Ng5+ Kf8 (48... Kg8 $1 $14) 49. Ne6+ $2 (49. Bc5+ $18 Kg7 50. Re7+ Kg8 51. Re8+ Kg7 52. Re7+ (52. Bd4+ Rxd4+ 53. cxd4 Rf4+ 54. Kh3 Rxd4 $16) 52... Kg8 53. Ne6) 49... Kg8 50. Kg3 g5 51. Be3 g4 {Threatens to win with ...Rf3+.} 52. Nd4 Rd5 53. Kh4 Re1 54. Kg3 Kf7 55. Kf2 Ra1 56. Rf4+ Kg6 {[#]} ({Black should play} 56... Ke7 $11) 57. Rf8 (57. Nc6 $1 $16 {[%cal Rc6e7] And now Ne7+ would win.} Kh7 58. Bd4) 57... Re5 {aiming for ...Ra2+.} 58. Bf4 Ra2+ 59. Kg3 Re1 {Hoping for ...Rg1+.} 60. Rg8+ $1 (60. Nxb5 Rg1+ 61. Kh4 Rh1+ 62. Bh2 Rhxh2+ 63. Kg3 Rh3+ 64. Kf4 Rf3+ 65. Ke5 Rxf8 66. Nd4 g3 67. b5 g2 68. Ke4 g1=Q 69. Kd5 Qg5+ 70. Kc6 Rc8+ 71. Kd6 Rd8+ 72. Kc7 Qe7+ 73. Kc6 Qd6+ 74. Kb7 Rb8#) 60... Kf7 (60... Kf6 $5 {[%cal Re1g1]} 61. Rf8+ (61. Nxb5 $2 Rg1+ 62. Kh4 Rh1+ 63. Bh2 Raxh2+ 64. Kg3 h4+ 65. Kf4 g3 $19) 61... Kg6 62. Rg8+ (62. Nxb5 Rg1+ 63. Kh4 Rh1+ 64. Bh2 Rhxh2+ 65. Kg3 Rh3+ 66. Kf4 Rf2+ 67. Ke5 Rxf8 $19) 62... Kf6 63. Bg5+ (63. Nxb5 $2 Rg1+ 64. Kh4 Rh1+ 65. Bh2 Raxh2+ 66. Kg3 h4+ 67. Kf4 g3 $19) 63... Kf7 $11) 61. Rg5 {[%mdl 8192]} (61. Rh8 $14 Rh1 62. Bd6) 61... Rg1+ {[%mdl 32768] Weighted Error Value: White=0.35/Black=0.23. Loss on time!?} 0-1

[Event "RUS-ch Rapid 2021"]
[Site "Sochi"]
[Date "2021.10.13"]
[Round "11.6"]
[White "Antipov, Mikhail Al."]
[Black "Triapishko, Alexandr"]
[Result "1-0"]
[WhiteElo "2619"]
[BlackElo "2506"]
[Annotator "TA"]
[PlyCount "69"]
[EventDate "2021.10.12"]
[EventType "swiss"]
[EventCountry "RUS"]
[SourceTitle "playchess.com"]
[Source "ChessBase"]
[SourceQuality "1"]

{[%evp 11,69,14,20,10,12,0,0,0,0,0,20,-19,0,-22,0,-34,-21,-34,-41,-20,0,0,0,-10,32,24,25,36,36,30,103,87,115,85,84,48,41,0,82,82,79,85,81,89,83,83,152,145,289,286,278,275,320,340,525,533,1857,1785,29992,29993]} 1. e4 c6 2. d4 d5 3. exd5 cxd5 4. Bd3 Nf6 5. h3 Nc6 6. c3 g6 7. Nf3 {B13: Caro-Kann: Exchange Variation and Panov-Botvinnik Attack.} Bf5 8. Be2 $1 {[%mdl 4] is now more promising than 8.0-0.} e6 9. O-O {The position is equal.} Qc7 10. Re1 {[#]} a6 $146 ({Predecessor:} 10... h5 11. c4 Bg7 12. Nc3 O-O 13. Nb5 Qb8 14. Bg5 Ne4 15. Be3 Rd8 16. cxd5 Rxd5 {1-0 (46) Obgolts,E (2371)-Rozum,I (2563) Khanty-Mansiysk 2020}) 11. c4 Bg7 12. Nc3 O-O 13. Be3 dxc4 14. Bxc4 Rfd8 15. Bb3 Na5 16. Rc1 Qe7 17. Ne5 Ne4 {[#] ...Nxc3 is the strong threat.} 18. Qf3 Nxb3 19. axb3 Nxc3 20. bxc3 f6 (20... a5 $11) 21. Nc4 $16 e5 22. dxe5 fxe5 23. Nb6 Rab8 24. c4 e4 (24... Rd3 $1 $11 {remains equal.}) 25. Qg3 {aiming for Bf4.} Be5 {[#]} 26. Bf4 {[%cal Rf4e5]} Bxf4 27. Qxf4 Qd6 28. Qe3 h5 (28... Qd2 $142) 29. Nd5 b5 (29... Rd7 $16 {might work better.} 30. Qg5 Rf7) 30. Qg5 $18 bxc4 31. Rcd1 ({Resist} 31. Ne7+ $6 Kf7 $18) 31... Qe6 32. bxc4 ({Weaker is} 32. Ne7+ Kf7 $16) 32... Kf7 (32... Rf8 $142 33. f3 Rb2) 33. f3 Rb3 34. Qxd8 Bxh3 35. Rxe4 {Weighted Error Value: White=0.09/Black=0.53} 1-0

[Event "RUS-ch Rapid 2021"]
[Site "Sochi"]
[Date "2021.10.13"]
[Round "11.8"]
[White "Belozerov, Andrei"]
[Black "Grachev, Boris"]
[Result "1-0"]
[WhiteElo "2476"]
[BlackElo "2615"]
[Annotator "TA"]
[PlyCount "83"]
[EventDate "2021.10.12"]
[EventType "swiss"]
[EventCountry "RUS"]
[SourceTitle "playchess.com"]
[Source "ChessBase"]
[SourceQuality "1"]

{[%evp 12,83,47,40,45,39,35,45,21,23,42,24,36,32,41,31,35,0,-20,-31,21,0,11,23,30,42,42,29,34,-65,154,0,933,846,863,862,1362,1307,1593,1573,1621,1556,1886,1729,1840,1831,1807,1737,1837,1773,1899,1891,29987,29988,29988,29989,29989,29989,29992,29993,29993,29984,29984,29985,29985,29986,29992,29993,29993,29994,29994,29995,29995,29996]} 1. e4 c5 2. Nf3 e6 3. d4 cxd4 4. Nxd4 Nf6 5. Nc3 Nc6 6. Ndb5 Bc5 7. Bf4 {Strongly threatening Nc7+. The main line 7.Bf4 scores better than 7.Nd6+.} O-O {B45: Sicilian Four Knights.} 8. Bc7 Qe7 9. Bd6 $1 {[%cal Rd6e7]} Bxd6 {White is slightly better.} 10. Qxd6 Qd8 11. O-O-O a6 12. Nd4 Na5 {[#]} 13. g4 $146 ({Predecessor:} 13. Nb3 b5 14. f3 Nxb3+ 15. axb3 Bb7 16. Kb1 Bc6 17. h4 Qb8 18. g4 a5 19. Rh2 {0-1 (45) Najer,E (2648)-Grachev,B (2612) chess.com INT 2020}) 13... b5 14. g5 ({Better is} 14. Be2 $14) 14... Ne8 $1 $11 {[%cal Re8d6]} 15. Qg3 Bb7 (15... b4 $1 $15 16. Na4 d6) 16. Bd3 Qb6 17. Nce2 Nd6 18. Qh4 e5 {[#]} 19. Rhg1 $1 Rfe8 $1 {[#]} 20. Nf3 (20. Rg3 $1 $14) 20... g6 $2 {[#]} (20... Nac4 $1 $15 {keeps the upper hand.} 21. Kb1 Rac8) 21. Rg4 $2 {White stays focused until the end.} (21. Rg3 $1 $16 {aiming for Qh6.} Rac8 22. Rh3) 21... Nf5 {[%mdl 8192]} 22. exf5 $18 Bxf3 {[#]} 23. Qh6 $1 {[%mdl 512] White wants to mate with f6!} Re6 (23... gxf5 24. Qxb6) 24. fxe6 Qxe6 25. Rh4 d6 26. Re1 Qxa2 27. Qxh7+ Kf8 28. Qh8+ Ke7 29. Qf6+ {[%mdl 64] Double Attack} Kd7 30. Qxf3 Rc8 31. Nc3 Qa1+ 32. Kd2 {White mates.} Qxb2 33. Qxf7+ {[%mdl 64] Double Attack} Kc6 34. Be4+ Kc5 35. Qa7+ Kb4 36. Bd5+ Rc4 {[#]} 37. Rb1 $1 Nb3+ 38. Kd1 Qxb1+ 39. Nxb1 Rxh4 40. c3+ Ka4 41. Qxa6+ {[%mdl 64] Double Attack} Na5 42. Kc2 {[%csl Gc2][%cal Rd5b3] Weighted Error Value: White=0.25/Black=0.67} 1-0

[Event "RUS-ch Rapid 2021"]
[Site "Sochi"]
[Date "2021.10.13"]
[Round "11.9"]
[White "Popov, Valerij"]
[Black "Sarana, Alexey"]
[Result "1-0"]
[WhiteElo "2537"]
[BlackElo "2649"]
[Annotator "TA"]
[PlyCount "87"]
[EventDate "2021.10.12"]
[EventType "swiss"]
[EventCountry "RUS"]
[SourceTitle "playchess.com"]
[Source "ChessBase"]
[SourceQuality "1"]

{[%evp 17,87,0,18,0,0,0,0,0,48,0,18,7,18,20,22,22,81,0,0,0,0,0,0,0,46,37,54,60,64,45,52,53,97,101,117,106,118,77,74,87,78,69,89,85,91,96,107,89,236,148,216,208,231,211,238,220,282,289,412,409,480,480,462,454,479,478,447,425,745,491,491,407]} 1. Nf3 d5 2. d4 Nf6 3. c4 e6 4. e3 Be7 5. Nc3 O-O 6. Qc2 Nbd7 {[%cal Bb8d7,Bd7f8,Bf8g6][%mdl 32]} 7. cxd5 exd5 8. Bd3 c6 9. O-O Bd6 10. Bd2 {D37: Queen's Gambit Declined: 5 Bf4.} Re8 11. Rfe1 Nf8 12. h3 {The position is equal.} Ng6 {[#]} 13. Rab1 $146 ({Predecessor:} 13. Rac1 Bd7 14. e4 dxe4 15. Nxe4 Nxe4 16. Bxe4 Be6 17. a3 Rc8 18. Ng5 Bd5 19. Bxd5 Rxe1+ 20. Rxe1 cxd5 {0-1 (39) Einarsson,K (1745)-Wiebe,I (2037) Winnipeg 2015}) 13... a5 14. a3 Bc7 15. b4 axb4 16. axb4 Qd6 (16... Bd7 $11) 17. e4 ({White should try} 17. b5 $16) 17... dxe4 $11 18. Nxe4 Nxe4 19. Bxe4 Be6 20. b5 {[#] Strongly threatening Bb4.} Ra2 21. Qc5 {[%cal Rb5c6]} Rd8 22. Qxd6 Bxd6 23. bxc6 bxc6 24. Bxc6 Bf4 25. Bb4 h6 26. d5 Bf5 27. Ra1 Rxa1 28. Rxa1 Be4 {[#]} 29. Ra8 $1 {[%cal Ra8d8]} Rxa8 30. Bxa8 Bb8 31. Nd2 Bd3 32. d6 Ne5 {Loses the game.} (32... Bb5 $16) 33. f4 Ng6 (33... Nd7 $16 34. Kf2 Ba7+ 35. Kf3 Kf8) 34. g3 $18 Nf8 35. Bc6 Bf5 36. Kg2 Ne6 37. Nf3 Nd8 (37... Ba7 {was worth a try.} 38. Ba5 Kf8) 38. Bd5 Be6 39. Bxe6 {White is clearly winning.} Nxe6 40. Ne5 Ba7 41. d7 Bb6 42. Be7 f6 (42... g6 $142 43. Nc6 f5 44. d8=Q+ Nxd8) 43. Nc6 Kf7 {If Black can now play ...Nd4 this consolidates a bit.} 44. d8=Q {Weighted Error Value: White=0.18/Black=0.27} 1-0